000 01046mam a2200337 a 4500
008
020 _a0750622652 (pbk.)
049 _aMAIN
090 0 _aRG129
_bPHY
245 1 0 _aPhysiotherapy in obstetrics and gynaecology /
_cJill Mantle, Jeanette Haslam and Sue Barton.
250 _a2nd ed.
260 _aOxford :
_bButterworth-Heinemann,
_c1990.
300 _axxiii, 489 p. :
_bill. ;
_c25 cm.
500 _aIncludes index.
504 _aIncludes bibliographical references.
650 0 _aPhysical therapy.
650 0 _aObstetrics.
650 0 _aGynecology.
650 2 _aPhysical Therapy Modalities.
650 2 _aPregnancy Complications
_xtherapy
650 2 _aGenital Diseases, Female
_xtherapy
650 2 _aPhysical Therapy Modalities
_xin pregnancy.
700 _aBarton, Sue.
700 _aHaslam, Jeanette.
700 1 _aMantle, Jill.
907 _a.b10289811
_b10-05-13
_c20-01-11
003
005 20230120204047.0
040 _cNUST
942 _cBOOKS
_kRG129
_mPHY
999 _c116409
_d116409